[Event "Wasselonne op 22nd"]
[Site "Wasselonne"]
[Date "2018.08.04"]
[Round "5"]
[White "Bellahcene, Bilel"]
[Black "Briet, Antoine"]
[Result "1/2-1/2"]
[WhiteElo "2507"]
[BlackElo "2208"]
[PlyCount "110"]
[EventDate "2018.08.02"]
[EventType "swiss"]
[EventRounds "7"]
[EventCountry "FRA"]
[SourceTitle "CBM 185 Extra"]
[Source "ChessBase"]
[SourceDate "2018.07.29"]
[SourceVersion "1"]
[SourceVersionDate "2018.07.29"]
[SourceQuality "1"]

1. e4 c5 2. Nc3 g6 3. d4 cxd4 4. Qxd4 Nf6 5. Nf3 Nc6 6. Qa4 Qc7 7. Nd5 Nxd5 8. exd5 Ne5 9. Nd4 Bg7 10. Be2 Qc5 11. Nb5 0-0 12. 0-0 a6 13. Be3 axb5 14. Qxa8 Qxd5 15. Qa5 Nc4 16. Bxc4 Qxc4 17. c3 d6 18. a4 Bd7 19. axb5 Bxb5 20. b3 Qd3 21. Rac1 Bc6 22. Rfe1 Be5 23. f3 Qf5 24. Qb4 Ra8 25. Ra1 Rxa1 26. Rxa1 f6 27. Qc4+ Kg7 28. Rc1 Bd5 29. Qf1 Bxh2+ 30. Kxh2 Qe5+ 31. f4 Qxe3 32. Re1 Qxc3 33. Rxe7+ Kf8 34. Rxh7 Qxb3 35. Qa1 Kg8 36. Rd7 Qa2 37. Qxa2 Bxa2 38. Rxd6 Kf7 39. g4 Ke7 40. Rb6 Bd5 41. Kg3 Bc6 42. Kf2 Kd6 43. Ke3 Kc5 44. Rb2 Bd5 45. Rh2 b5 46. Rh6 Bf7 47. Rh7 Be6 48. f5 gxf5 49. gxf5 Bc4 50. Rh6 Kd5 51. Kf4 Kd4 52. Rxf6 b4 53. Rf8 b3 54. f6 b2 55. Rb8 Kc3 1/2-1/2

[Event "Wasselonne op 22nd"]
[Site "Wasselonne"]
[Date "2018.08.03"]
[Round "4"]
[White "Briet, Antoine"]
[Black "Stephan, Victor"]
[Result "1/2-1/2"]
[WhiteElo "2208"]
[BlackElo "2361"]
[PlyCount "123"]
[EventDate "2018.08.02"]
[EventType "swiss"]
[EventRounds "7"]
[EventCountry "FRA"]
[SourceTitle "CBM 185 Extra"]
[Source "ChessBase"]
[SourceDate "2018.07.29"]
[SourceVersion "1"]
[SourceVersionDate "2018.07.29"]
[SourceQuality "1"]

1. e4 e5 2. Nf3 Nf6 3. Nxe5 d6 4. Nf3 Nxe4 5. d4 d5 6. Bd3 Nc6 7. 0-0 Be7 8. c4 Nb4 9. Be2 0-0 10. Nc3 Bf5 11. a3 Nxc3 12. bxc3 Nc6 13. Re1 Re8 14. Bf4 Rc8 15. cxd5 Qxd5 16. h3 h6 17. Nd2 Bf6 18. Bf3 Rxe1+ 19. Qxe1 Qd7 20. Ne4 Bxe4 21. Qxe4 Re8 22. Qd5 Qe7 23. Rb1 Nd8 24. Qa5 Ne6 25. Bg3 b6 26. Qxa7 Bh4 27. Bc6 Rd8 28. Bxh4 Qxh4 29. Re1 Qf4 30. Re3 Qd6 31. Qa4 Nf4 32. Bf3 Qg6 33. Re8+ Rxe8 34. Qxe8+ Kh7 35. Be4 f5 36. Qxg6+ Kxg6 37. Bf3 Kf6 38. Kf1 g5 39. g3 Ng6 40. Ke2 Ke6 41. Kd3 Kd6 42. Kc4 Nf8 43. Bb7 f4 44. Bc8 Ng6 45. Bf5 Ne7 46. Be4 fxg3 47. fxg3 c6 48. a4 Ng8 49. Kb4 Nf6 50. Bf3 h5 51. c4 g4 52. hxg4 hxg4 53. c5+ bxc5+ 54. dxc5+ Kc7 55. Be2 Ne4 56. Bxg4 Nxg3 57. Kc4 Ne4 58. Kd4 Nf6 59. Be6 Nh7 60. a5 Ng5 61. Bg4 Kb7 62. Ke5 1/2-1/2

[Event "Cappelle op 34th"]
[Site "Cappelle la Grande"]
[Date "2018.03.05"]
[Round "3.7"]
[White "Dimitrov, Radoslav"]
[Black "Briet, Antoine"]
[Result "1-0"]
[WhiteElo "2493"]
[BlackElo "2213"]
[PlyCount "83"]
[EventDate "2018.03.03"]
[EventType "swiss"]
[EventRounds "9"]
[EventCountry "FRA"]
[SourceTitle "EXT 2019"]
[Source "ChessBase"]
[SourceDate "2018.10.10"]
[SourceVersion "1"]
[SourceVersionDate "2018.10.10"]
[SourceQuality "1"]

1. c4 g6 2. Nc3 Bg7 3. g3 Nf6 4. Bg2 0-0 5. d3 d6 6. h3 Nc6 7. e3 e5 8. Nge2 Be6 9. Nd5 Ne8 10. 0-0 Qd7 11. Kh2 Nd8 12. e4 c6 13. Ne3 f5 14. exf5 gxf5 15. f4 Nf6 16. fxe5 dxe5 17. d4 e4 18. Nf4 Bf7 19. Bd2 Bg6 20. d5 cxd5 21. cxd5 Ne8 22. Qb3 Be5 23. Bb4 Rf6 24. d6+ Bf7 25. Nfd5 f4 26. Ng4 fxg3+ 27. Kh1 Qxg4 28. Nxf6+ Nxf6 29. hxg4 Bxb3 30. axb3 Nc6 31. Bc3 Nxg4 32. Bxe4 Bxc3 33. Bd5+ Kh8 34. bxc3 Rd8 35. Bxc6 bxc6 36. Rf4 Nf2+ 37. Kg2 Rxd6 38. Rxa7 Kg8 39. Kxg3 Nd1 40. Rg4+ Kf8 41. Rb4 Rd8 42. c4 1-0

[Event "Wasselonne op 21st"]
[Site "Wasselonne"]
[Date "2017.08.04"]
[Round "3"]
[White "Mirzoev, Azer"]
[Black "Briet, Antoine"]
[Result "1-0"]
[WhiteElo "2535"]
[BlackElo "2174"]
[PlyCount "75"]
[EventDate "2017.08.03"]
[EventType "swiss"]
[EventRounds "7"]
[EventCountry "FRA"]
[SourceTitle "CBM 179 Extra"]
[Source "ChessBase"]
[SourceDate "2017.08.23"]
[SourceVersion "1"]
[SourceVersionDate "2017.08.23"]
[SourceQuality "1"]

1. d4 Nf6 2. Nf3 g6 3. g3 Bg7 4. Bg2 0-0 5. 0-0 d6 6. b3 c5 7. Bb2 Ne4 8. c4 Nc6 9. e3 Qb6 10. Qe2 Bg4 11. dxc5 Qxc5 12. Bxg7 Kxg7 13. Qb2+ Nf6 14. h3 Bd7 15. Nc3 Kg8 16. Rfd1 Rfd8 17. Rac1 Qa5 18. a3 Rac8 19. Nd4 a6 20. b4 Qb6 21. c5 dxc5 22. Na4 Qa7 23. Nxc5 Be8 24. Nxc6 Bxc6 25. Bxc6 bxc6 26. Nb3 Qb8 27. Rd4 Rd5 28. Qc2 Rh5 29. h4 Qe5 30. Qd3 Qb5 31. Kg2 Kg7 32. Nc5 a5 33. Qxb5 cxb5 34. Ne6+ fxe6 35. Rxc8 e5 36. Rdd8 axb4 37. axb4 Ne4 38. Rc7 1-0

[Event "FRA-ch Accession"]
[Site "Nimes"]
[Date "2014.08.23"]
[Round "6"]
[White "Lazarev, Vladimir"]
[Black "Briet, Antoine"]
[Result "1/2-1/2"]
[WhiteElo "2400"]
[BlackElo "2254"]
[PlyCount "98"]
[EventDate "2014.08.17"]
[EventType "swiss"]
[EventRounds "11"]
[EventCountry "FRA"]
[SourceTitle "CBM 162 Extra"]
[Source "ChessBase"]
[SourceDate "2014.10.17"]
[SourceVersion "1"]
[SourceVersionDate "2014.10.17"]
[SourceQuality "1"]

1. Nf3 Nf6 2. c4 g6 3. Nc3 Bg7 4. e4 d6 5. d4 0-0 6. Be2 e5 7. Be3 Ng4 8. Bg5 f6 9. Bh4 g5 10. Bg3 Nc6 11. d5 Ne7 12. Nxg5 Nxf2 13. Bxf2 fxg5 14. 0-0 Ng6 15. Bg4 Nf4 16. Bxc8 Qxc8 17. c5 Qd7 18. Be3 Rf7 19. c6 bxc6 20. dxc6 Qxc6 21. g3 Nh3+ 22. Kg2 Rxf1 23. Qxf1 Qd7 24. Qc4+ Kh8 25. Rf1 Rf8 26. Rxf8+ Bxf8 27. Nd5 c6 28. Nf6 Qg7 29. Ne8 Qg6 30. Nxd6 Nf4+ 31. Bxf4 exf4 32. Nf5 fxg3 33. hxg3 Qf6 34. Qb3 Qe5 35. Qc2 h5 36. Qe2 g4 37. Qc2 Bg7 38. Nxg7 Kxg7 39. b4 Qd4 40. a3 Qe3 41. Qb2+ Kg6 42. Qe5 Qe2+ 43. Kg1 Qd1+ 44. Kf2 Qf3+ 45. Ke1 Qe3+ 46. Kd1 Qd3+ 47. Ke1 Qe3+ 48. Kd1 Qd3+ 49. Ke1 Qe3+ 1/2-1/2

[Event "FRA-chT2 0910"]
[Site "France"]
[Date "2010.01.24"]
[Round "7.3"]
[White "Briet, Antoine"]
[Black "Mohebbi, Jaffar"]
[Result "1/2-1/2"]
[WhiteElo "2213"]
[BlackElo "2323"]
[PlyCount "150"]
[EventDate "2009.09.27"]
[EventType "team-tourn"]
[EventRounds "11"]
[EventCountry "FRA"]
[SourceTitle "EXT 2011"]
[Source "ChessBase"]
[SourceDate "2010.11.26"]
[SourceVersion "1"]
[SourceVersionDate "2010.11.26"]
[SourceQuality "1"]

1. e4 c5 2. Nf3 Nc6 3. d4 cxd4 4. Nxd4 Nf6 5. Nc3 e5 6. Ndb5 d6 7. Bg5 a6 8. Na3 b5 9. Nd5 Be7 10. Bxf6 Bxf6 11. c3 0-0 12. Nc2 Bg5 13. a4 bxa4 14. Rxa4 Bb7 15. Bc4 Na5 16. Ba2 Bc6 17. Ra3 Bb5 18. h4 Bh6 19. Nce3 Bxe3 20. Nxe3 Rc8 21. h5 Nc4 22. Bxc4 Bxc4 23. h6 g6 24. Nxc4 Rxc4 25. Qd3 Qc8 26. 0-0 Qc6 27. Rfa1 Ra8 28. Qd5 Kf8 29. Kf1 Ke7 30. Qxc6 Rxc6 31. Ke2 f5 32. f3 Rb8 33. b4 Rbb6 34. Kd3 Kf6 35. Rb3 Kg5 36. Rh1 Rb7 37. c4 Rcb6 38. Rhb1 Kxh6 39. b5 Kg5 40. Kc3 Rc7 41. Kb4 axb5 42. cxb5 Kf4 43. Ka5 Rcb7 44. Rb4 fxe4 45. fxe4 h5 46. Rc1 Rb8 47. Rc6 R6b7 48. b6 Ra8+ 49. Kb5 Ra2 50. Rxd6 Rxg2 51. Kc6 Rb8 52. Kc7 Rh8 53. b7 Rc2+ 54. Rc6 Rh7+ 55. Kb6 Rxb7+ 56. Kxb7 Rg2 57. Rf6+ Kg5 58. Rbb6 Rg4 59. Rxg6+ Kf4 60. Rh6 h4 61. Kc6 Kxe4 62. Rb4+ Kf3 63. Rb3+ Kf2 64. Kd5 e4 65. Rh3 e3 66. Rf6+ Ke2 67. Re6 Rg3 68. Rxh4 Kd2 69. Kd4 e2 70. Rh2 Rd3+ 71. Kc4 Re3 72. Rd6+ Kc1 73. Ra6 Kb1 74. Rb6+ Kc1 75. Ra6 Kb1 1/2-1/2

[Event "FRA-ch Accession"]
[Site "Belfort"]
[Date "2010.??.??"]
[Round "3"]
[White "Briet, Antoine"]
[Black "Demuth, Adrien"]
[Result "1/2-1/2"]
[WhiteElo "2212"]
[BlackElo "2394"]
[PlyCount "59"]
[EventDate "2010.08.09"]
[EventType "swiss"]
[EventRounds "11"]
[EventCountry "FRA"]
[SourceTitle "CBM 138 Extra"]
[Source "ChessBase"]
[SourceDate "2010.10.29"]
[SourceVersion "1"]
[SourceVersionDate "2010.10.29"]
[SourceQuality "1"]

1. e4 c5 2. Nf3 Nc6 3. d4 cxd4 4. Nxd4 Nf6 5. Nc3 d6 6. Bg5 e6 7. Qd2 a6 8. 0-0-0 Nxd4 9. Qxd4 Be7 10. f4 b5 11. Bd3 Bb7 12. Rhe1 0-0 13. Kb1 Rc8 14. Qe3 Ng4 15. Qg3 Bxg5 16. Qxg4 Be7 17. e5 Qb6 18. f5 exf5 19. Bxf5 Rc4 20. Qh3 g6 21. exd6 Bxd6 22. Be6 Rd4 23. Bd5 Rxd1+ 24. Rxd1 Be5 25. Qf3 Bxc3 26. Bxb7 Bf6 27. a3 b4 28. axb4 Kg7 29. c3 Rb8 30. Rd7 1/2-1/2

[Event "FRA-ch Accession"]
[Site "Belfort"]
[Date "2010.??.??"]
[Round "1"]
[White "Briet, Antoine"]
[Black "Lerch, Patrice"]
[Result "1-0"]
[WhiteElo "2212"]
[BlackElo "2340"]
[PlyCount "63"]
[EventDate "2010.08.09"]
[EventType "swiss"]
[EventRounds "11"]
[EventCountry "FRA"]
[SourceTitle "CBM 138 Extra"]
[Source "ChessBase"]
[SourceDate "2010.10.29"]
[SourceVersion "1"]
[SourceVersionDate "2010.10.29"]
[SourceQuality "1"]

1. e4 c5 2. Nf3 Nc6 3. d4 cxd4 4. Nxd4 g6 5. Nc3 Bg7 6. Be3 Nf6 7. Bc4 Qa5 8. 0-0 d6 9. Nb3 Qd8 10. Be2 b6 11. f4 Bb7 12. Bf3 Nd7 13. Qe1 Rc8 14. Rd1 Nb4 15. Qd2 0-0 16. a3 Bxc3 17. bxc3 Na2 18. c4 Rxc4 19. Be2 Qc7 20. Bxc4 Qxc4 21. Bd4 Bxe4 22. Ra1 Bxc2 23. Nc1 Nxc1 24. Raxc1 Rc8 25. Rf2 Qb3 26. Qb4 Rc4 27. Rfxc2 Qxb4 28. Rxc4 Qb5 29. Rc8+ Nf8 30. Rxf8+ Kxf8 31. Rc8+ Qe8 32. Bg7+ 1-0

[Event "FRA-ch Accession"]
[Site "Belfort"]
[Date "2010.??.??"]
[Round "8"]
[White "Buscara, Sevan"]
[Black "Briet, Antoine"]
[Result "1-0"]
[WhiteElo "2259"]
[BlackElo "2212"]
[PlyCount "67"]
[EventDate "2010.08.09"]
[EventType "swiss"]
[EventRounds "11"]
[EventCountry "FRA"]
[SourceTitle "CBM 138 Extra"]
[Source "ChessBase"]
[SourceDate "2010.10.29"]
[SourceVersion "1"]
[SourceVersionDate "2010.10.29"]
[SourceQuality "1"]

1. d4 Nf6 2. Bf4 c5 3. e3 d5 4. c3 Nc6 5. Nd2 Bf5 6. Ngf3 e6 7. Be2 Bd6 8. Qb3 Rb8 9. dxc5 Bxf4 10. exf4 Qa5 11. Qb5 Qc7 12. g3 0-0 13. 0-0 b6 14. Nb3 Nd7 15. cxb6 Rxb6 16. Qa4 Bc2 17. Qa3 Rfb8 18. Nfd2 a5 19. Rac1 Bg6 20. Nf3 a4 21. Qxa4 Qb7 22. f5 Bxf5 23. Qf4 Ra8 24. c4 dxc4 25. Bxc4 Rxa2 26. g4 Bg6 27. Rfd1 Rxb2 28. Qd6 Ncb8 29. Qf4 R2xb3 30. Bxb3 Rxb3 31. Rc7 Qxf3 32. Rc8+ Nf8 33. Rxf8+ Kxf8 34. Qd6+ 1-0

[Event "FRA-ch Accession"]
[Site "Belfort"]
[Date "2010.??.??"]
[Round "2"]
[White "Favarel, Julien"]
[Black "Briet, Antoine"]
[Result "1-0"]
[WhiteElo "2279"]
[BlackElo "2212"]
[PlyCount "83"]
[EventDate "2010.08.09"]
[EventType "swiss"]
[EventRounds "11"]
[EventCountry "FRA"]
[SourceTitle "CBM 138 Extra"]
[Source "ChessBase"]
[SourceDate "2010.10.29"]
[SourceVersion "1"]
[SourceVersionDate "2010.10.29"]
[SourceQuality "1"]

1. d4 Nf6 2. c4 g6 3. Nc3 d5 4. cxd5 Nxd5 5. e4 Nxc3 6. bxc3 Bg7 7. Bc4 c5 8. Ne2 Nc6 9. Be3 0-0 10. 0-0 Na5 11. Bd3 b6 12. Qd2 e5 13. Bh6 Bb7 14. Bxg7 Kxg7 15. f4 f5 16. fxe5 fxe4 17. Rxf8 Qxf8 18. Bc2 Qe7 19. Qf4 Rf8 20. Qg4 Qf7 21. Bxe4 Qf2+ 22. Kh1 Bc8 23. e6 cxd4 24. cxd4 Bxe6 25. Qxe6 Qxe2 26. Qe5+ Kh6 27. h4 Qg4 28. Rc1 Nc4 29. Qg5+ Qxg5 30. hxg5+ Kxg5 31. Rxc4 Rf1+ 32. Kh2 Rd1 33. Bf3 Rd2 34. a4 h5 35. d5 Kf5 36. Rc7 a6 37. Rc6 g5 38. Bxh5 Rd4 39. Be2 Rxa4 40. Rxb6 a5 41. Ra6 Ra2 42. Bb5 1-0

[Event "FRA-ch Accession"]
[Site "Belfort"]
[Date "2010.??.??"]
[Round "6"]
[White "Saada, Julien"]
[Black "Briet, Antoine"]
[Result "1-0"]
[WhiteElo "2304"]
[BlackElo "2212"]
[PlyCount "73"]
[EventDate "2010.08.09"]
[EventType "swiss"]
[EventRounds "11"]
[EventCountry "FRA"]
[SourceTitle "CBM 138 Extra"]
[Source "ChessBase"]
[SourceDate "2010.10.29"]
[SourceVersion "1"]
[SourceVersionDate "2010.10.29"]
[SourceQuality "1"]

1. d4 Nf6 2. Bg5 Ne4 3. Bf4 c5 4. f3 Qa5+ 5. c3 Nf6 6. d5 e6 7. e4 exd5 8. exd5 d6 9. Qd2 Be7 10. c4 Qd8 11. Nc3 0-0 12. g4 Re8 13. Kf2 Nfd7 14. Bd3 Nf8 15. Nge2 Ng6 16. Bg3 Bh4 17. Rae1 Ne5 18. Kg2 Nbd7 19. Nc1 Nf8 20. b3 Nfg6 21. Bxg6 hxg6 22. Nd3 Bxg3 23. Kxg3 Nxd3 24. Qxd3 Rxe1 25. Rxe1 Bd7 26. Qe3 Qf6 27. Ne4 Qe5+ 28. f4 Qe7 29. Ng5 Qxe3+ 30. Rxe3 Kf8 31. Nh7+ Kg8 32. Re7 Be8 33. Ng5 Rb8 34. Ne4 Kf8 35. Rc7 b5 36. Nxd6 bxc4 37. Nxc4 1-0

[Event "FRA-chT2 0910"]
[Site "France"]
[Date "2009.10.18"]
[Round "3.4"]
[White "Briet, Antoine"]
[Black "Joie, Sebastien"]
[Result "1/2-1/2"]
[WhiteElo "2200"]
[BlackElo "2113"]
[PlyCount "47"]
[EventDate "2009.09.27"]
[EventType "team-tourn"]
[EventRounds "11"]
[EventCountry "FRA"]
[SourceTitle "EXT 2011"]
[Source "ChessBase"]
[SourceDate "2010.11.26"]
[SourceVersion "1"]
[SourceVersionDate "2010.11.26"]
[SourceQuality "1"]

1. e4 d6 2. d4 Nf6 3. Nc3 e5 4. dxe5 dxe5 5. Qxd8+ Kxd8 6. Bg5 Be6 7. 0-0-0+ Nbd7 8. f4 Bg4 9. Rd3 Bd6 10. h3 Be6 11. Rxd6 cxd6 12. f5 a6 13. fxe6 fxe6 14. Bc4 Ke7 15. a3 Rac8 16. Ba2 h6 17. Be3 b5 18. Nf3 Rxc3 19. bxc3 Rc8 20. Nd2 Rxc3 21. Re1 Nc5 22. Nb1 Nd3+ 23. Kd1 Nb2+ 24. Kc1 1/2-1/2

[Event "Wasselonne op"]
[Site "Wasselonne"]
[Date "2009.08.09"]
[Round "7"]
[White "Briet, Antoine"]
[Black "Schall, Denis"]
[Result "1-0"]
[WhiteElo "2160"]
[BlackElo "2070"]
[PlyCount "42"]
[EventDate "2009.08.06"]
[EventType "swiss"]
[EventRounds "7"]
[EventCountry "FRA"]
[SourceTitle "EXT 2011"]
[Source "ChessBase"]
[SourceDate "2010.11.26"]
[SourceVersion "1"]
[SourceVersionDate "2010.11.26"]
[SourceQuality "1"]

1. e4 c5 2. Nf3 d6 3. d4 cxd4 4. Nxd4 Nf6 5. Nc3 a6 6. Be3 e6 7. f3 Be7 8. g4 Qc7 9. Qd2 Nc6 10. 0-0-0 Ne5 11. g5 Nfd7 12. f4 Nc6 13. h4 Nc5 14. h5 Bd7 15. Bh3 0-0-0 16. Qg2 Qa5 17. f5 Ne5 18. Kb1 Nc4 19. Bc1 h6 20. g6 e5 21. Nb3 Qb4 1-0

[Event "Wasselonne op"]
[Site "Wasselonne"]
[Date "2009.08.08"]
[Round "5"]
[White "Briet, Antoine"]
[Black "Riff, Vincent"]
[Result "1/2-1/2"]
[WhiteElo "2160"]
[BlackElo "2310"]
[PlyCount "52"]
[EventDate "2009.08.06"]
[EventType "swiss"]
[EventRounds "7"]
[EventCountry "FRA"]
[SourceTitle "EXT 2011"]
[Source "ChessBase"]
[SourceDate "2010.11.26"]
[SourceVersion "1"]
[SourceVersionDate "2010.11.26"]
[SourceQuality "1"]

1. e4 e5 2. Nf3 Nc6 3. Bb5 a6 4. Ba4 Nf6 5. 0-0 Be7 6. Re1 b5 7. Bb3 0-0 8. h3 d6 9. c3 Nb8 10. d4 Nbd7 11. Nbd2 Bb7 12. Bc2 Re8 13. Nf1 Bf8 14. Ng3 g6 15. a4 Bg7 16. Bd3 c6 17. Bg5 Nf8 18. Qd2 Ne6 19. Bh6 Nd7 20. Bc2 Qc7 21. b4 Nb6 22. Bb3 bxa4 23. Bxg7 Kxg7 24. Bxa4 Nxa4 25. Rxa4 f6 26. Nf1 Rad8 1/2-1/2

[Event "FRA-chT2 East 0809"]
[Site "France"]
[Date "2009.03.15"]
[Round "9.4"]
[White "Briet, Antoine"]
[Black "Carrillo, Jesus"]
[Result "0-1"]
[WhiteElo "2177"]
[BlackElo "2152"]
[PlyCount "56"]
[EventDate "2008.10.19"]
[EventType "team-tourn"]
[EventRounds "11"]
[EventCountry "FRA"]
[SourceTitle "EXT 2010"]
[Source "ChessBase"]
[SourceDate "2010.11.25"]
[SourceVersion "1"]
[SourceVersionDate "2010.11.25"]
[SourceQuality "1"]
[WhiteTeam "Mundolsheim"]
[BlackTeam "Metz Fischer II"]
[WhiteTeamCountry "FRA"]
[BlackTeamCountry "FRA"]

1. e4 c5 2. Nf3 d6 3. d4 cxd4 4. Nxd4 Nf6 5. Nc3 a6 6. Be3 e5 7. Nb3 Be6 8. f3 Nbd7 9. g4 b5 10. g5 b4 11. Nd5 Nxd5 12. exd5 Bf5 13. Bd3 Bxd3 14. Qxd3 Be7 15. h4 0-0 16. 0-0-0 Qc7 17. Kb1 a5 18. h5 Rac8 19. Nd2 a4 20. Rh4 Qb7 21. Nc4 Nc5 22. Qf5 Qa6 23. Bc1 b3 24. cxb3 axb3 25. a3 e4 26. Ne3 Qe2 27. Rhh1 Nd3 28. Bd2 Nf2 0-1

[Event "FRA-chT2 East 0809"]
[Site "France"]
[Date "2009.01.18"]
[Round "6.4"]
[White "Coulon, Maxcellend"]
[Black "Briet, Antoine"]
[Result "0-1"]
[WhiteElo "2038"]
[BlackElo "2177"]
[PlyCount "68"]
[EventDate "2008.10.19"]
[EventType "team-tourn"]
[EventRounds "11"]
[EventCountry "FRA"]
[SourceTitle "EXT 2010"]
[Source "ChessBase"]
[SourceDate "2010.11.25"]
[SourceVersion "1"]
[SourceVersionDate "2010.11.25"]
[SourceQuality "1"]
[WhiteTeam "Besancon TPG II"]
[BlackTeam "Mundolsheim"]
[WhiteTeamCountry "FRA"]
[BlackTeamCountry "FRA"]

1. e4 c5 2. Nf3 d6 3. d4 cxd4 4. Qxd4 a6 5. c4 Nc6 6. Qd2 g6 7. b3 Bg7 8. Bb2 Nf6 9. Nc3 0-0 10. Be2 Qa5 11. Rb1 b5 12. Nd5 Qxd2+ 13. Nxd2 Nxd5 14. Bxg7 Kxg7 15. cxd5 Nd4 16. Bd1 f5 17. Nf3 Nxf3+ 18. gxf3 Bd7 19. Rc1 Rac8 20. Rxc8 Rxc8 21. Kd2 Kf6 22. Re1 f4 23. b4 Ke5 24. Bb3 Bh3 25. Rb1 Kd4 26. Bd1 Rc3 27. Rb3 Rxb3 28. Bxb3 g5 29. Bd1 Bg2 30. Be2 g4 31. fxg4 Bxe4 32. a4 bxa4 33. Bd1 a3 34. Bb3 Bxd5 0-1

[Event "FRA-chT2 East 0708"]
[Site "France"]
[Date "2007.11.25"]
[Round "3.6"]
[White "Briet, Antoine"]
[Black "Lamoureux, Izabelle"]
[Result "1/2-1/2"]
[WhiteElo "2169"]
[BlackElo "2084"]
[PlyCount "79"]
[EventDate "2007.10.21"]
[EventType "team"]
[EventRounds "11"]
[EventCountry "FRA"]
[SourceTitle "EXT 2009"]
[Source "ChessBase"]
[SourceDate "2008.11.26"]
[SourceVersion "1"]
[SourceVersionDate "2008.11.26"]
[SourceQuality "1"]
[WhiteTeam "Mundolsheim"]
[BlackTeam "Montrevel en Bresse"]
[WhiteTeamCountry "FRA"]
[BlackTeamCountry "FRA"]

1. e4 c5 2. Nf3 Nc6 3. d4 cxd4 4. Nxd4 Nf6 5. Nc3 e5 6. Ndb5 d6 7. Bg5 a6 8. Na3 b5 9. Bxf6 gxf6 10. Nd5 Bg7 11. Bd3 Ne7 12. Nxe7 Qxe7 13. c4 f5 14. 0-0 0-0 15. Qf3 f4 16. cxb5 Qg5 17. Bc4 Bg4 18. Qb3 f3 19. g3 Qh5 20. Rfd1 axb5 21. Nxb5 Rac8 22. Nxd6 Rxc4 23. Qxc4 Be6 24. Qb5 Bh3 25. Ne8 Bg2 26. Rd6 Bh8 27. Nf6+ Bxf6 28. Rxf6 Qh3 29. g4 Bh1 30. Qf1 Bg2 31. Rxf3 Bxf1 32. Rxh3 Bxh3 33. f3 h5 34. Kf2 h4 35. Rc1 Rd8 36. Ke2 Bg2 37. b4 Ra8 38. Rc5 Rxa2+ 39. Ke3 f6 40. g5 1/2-1/2